[Event "11th EUR-ch"]
[Site "Rijeka CRO"]
[Date "2010.03.14"]
[Round "8"]
[White "Boskovic, Drasko"]
[Black "Stevic, Hrvoje"]
[Result "0-1"]
[WhiteElo "2434"]
[BlackElo "2610"]
[EventDate "2010.03.06"]
[PlyCount "150"]

1.d4 d5 2.Bf4 Nf6 3.e3 c5 4.c3 Nc6 5.Nd2 cxd4 6.exd4 g6 7.Ngf3 Bg7 8.Bd3 
Bf5 9.Bxf5 gxf5 10.Ne5 e6 11.h3 Ne4 12.Nd3 h5 13.Qe2 Rc8 14.f3 Nxd2 15.
Qxd2 h4 16.g4 hxg3 17.Bxg3 Bh6 18.f4 Qa5 19.Qf2 Bg7 20.Kf1 Bf6 21.Qe3 Ke7 
22.Bf2 Rh6 23.a4 Qa6 24.b4 Qc4 25.Rc1 b6 26.Qe2 Rch8 27.Kg2 Nb8 28.Rc2 Nd7
29.Ne5 Rg8+ 30.Kf1 Nxe5 31.dxe5 Qxe2+ 32.Rxe2 Bh4 33.Rg1 Rxg1+ 34.Bxg1 Bg3
35.Be3 Rh4 36.Kg2 Bxf4 37.Bf2 Rh8 38.b5 f6 39.a5 Bxe5 40.axb6 axb6 41.Bxb6
Rb8 42.Bc5+ Kd7 43.Rb2 Bxc3 44.Rb3 d4 45.h4 e5 46.h5 Bd2 47.Kf1 Kc7 48.Ke2
Be3 49.Kd3 Kb7 50.Kc4 Rc8 51.Kd5 f4 52.Ra3 Rd8+ 53.Kc4 f3 54.Ra7+ Kb8 55.
b6 f2 56.Ra1 Bd2 57.Kd3 Be1 58.Ke2 d3+ 59.Kf1 d2 60.Rd1 Rh8 61.Bxf2 Bxf2 
62.Kxf2 Rxh5 63.Kg3 Rg5+ 64.Kf3 Rf5+ 65.Ke3 Kb7 66.Rxd2 Kxb6 67.Ke4 Rf4+ 
68.Kd5 e4 69.Rb2+ Kc7 70.Rc2+ Kb6 71.Rb2+ Ka5 72.Kc4 f5 73.Rb5+ Ka4 74.Re5
Rf3 75.Re8 Ka3 0-1

[Event "11th EUR-ch"]
[Site "Rijeka CRO"]
[Date "2010.03.14"]
[Round "8"]
[White "Guseinov, Gadir"]
[Black "Azaladze, Shota"]
[Result "1/2-1/2"]
[WhiteElo "2609"]
[BlackElo "2433"]
[EventDate "2010.03.06"]
[PlyCount "72"]

1.e4 g6 2.d4 Bg7 3.Nc3 c6 4.Nf3 d5 5.h3 Nf6 6.e5 Ne4 7.Nxe4 dxe4 8.Ng5 c5 
9.dxc5 Qxd1+ 10.Kxd1 Nc6 11.Bf4 Bf5 12.g4 h6 13.Nxf7 Kxf7 14.gxf5 gxf5 15.
e6+ Kxe6 16.Bc4+ Kf6 17.c3 Ne5 18.Bxe5+ Kxe5 19.Ke2 Rac8 20.Rhg1 Bf6 21.b4
Kf4 22.Rg3 b6 23.Be6 Rc7 24.Rd1 bxc5 25.Rd5 Be5 26.bxc5 Rf8 27.Rg6 h5 28.
Bd7 Bxc3 29.Rh6 Kg5 30.Re6 Kf4 31.Rxe7 Bb4 32.Rh7 Rxc5 33.Rxc5 Bxc5 34.
Rxh5 Rf7 35.Be6 Rf6 36.Bc8 Rf8 1/2-1/2

[Event "11th EUR-ch"]
[Site "Rijeka CRO"]
[Date "2010.03.14"]
[Round "8"]
[White "Cioara, Andrei-Nestor"]
[Black "Pantsulaia, Levan"]
[Result "0-1"]
[WhiteElo "2430"]
[BlackElo "2588"]
[EventDate "2010.03.06"]
[PlyCount "92"]

1.d4 Nf6 2.c4 c5 3.d5 e6 4.Nc3 exd5 5.cxd5 d6 6.Nf3 g6 7.g3 Bg7 8.Bg2 O-O 
9.O-O a6 10.a4 Nbd7 11.Bf4 Qe7 12.h3 Rb8 13.a5 b5 14.axb6 Nxb6 15.e4 Nfd7 
16.Qc2 Re8 17.Rfe1 Qf8 18.Bf1 Ra8 19.Rad1 h6 20.h4 Ra7 21.Kh2 Nf6 22.Kg1 
Bg4 23.Bg2 Nh5 24.Bc1 Nd7 25.Ne2 Ne5 26.Nxe5 Bxe5 27.f3 Bc8 28.f4 Bg7 29.
Bf3 Rae7 30.Kg2 Nf6 31.Nc3 h5 32.e5 dxe5 33.d6 Re6 34.fxe5 Nd7 35.Nd5 Nxe5
36.Ne7+ R6xe7 37.dxe7 Qxe7 38.Kh1 Be6 39.Bg2 Rb8 40.Bg5 Qa7 41.Bd5 Bg4 42.
Rb1 Qd7 43.Be4 Bf3+ 44.Kg1 Qh3 45.Qh2 Qxh2+ 46.Kxh2 Ng4+ 0-1

[Event "11th EUR-ch"]
[Site "Rijeka CRO"]
[Date "2010.03.14"]
[Round "8"]
[White "Sulskis, Sarunas"]
[Black "Piscopo, Pierluigi"]
[Result "1-0"]
[WhiteElo "2572"]
[BlackElo "2418"]
[EventDate "2010.03.06"]
[PlyCount "77"]

1.e4 c5 2.Nf3 Nc6 3.Bb5 e6 4.O-O Nge7 5.c3 a6 6.Ba4 b5 7.Bc2 Bb7 8.Re1 Rc8
9.d3 Ng6 10.Nbd2 Be7 11.Nf1 O-O 12.d4 cxd4 13.cxd4 Bb4 14.Bd2 Nh4 15.Nxh4 
Qxh4 16.Bb3 Bxd2 17.Qxd2 d5 18.Ng3 Rfd8 19.Rad1 dxe4 20.Rxe4 Qh6 21.Qxh6 
gxh6 22.d5 Ne7 23.Rg4+ Kf8 24.dxe6 Rxd1+ 25.Bxd1 Rc1 26.Rd4 fxe6 27.h4 Bd5
28.b3 Nc6 29.Rd2 Ra1 30.Ne2 Nb4 31.Nc3 Rc1 32.Nxd5 Nxd5 33.Kh2 Nc3 34.Bf3 
Ke7 35.b4 Ra1 36.Rd3 Nxa2 37.Ra3 Kd6 38.Rxa6+ Ke5 39.Bg4 1-0

[Event "11th EUR-ch"]
[Site "Rijeka CRO"]
[Date "2010.03.14"]
[Round "8"]
[White "Caspi, Israel"]
[Black "Ruck, Robert"]
[Result "0-1"]
[WhiteElo "2426"]
[BlackElo "2570"]
[EventDate "2010.03.06"]
[PlyCount "86"]

1.e4 c6 2.d4 d5 3.f3 Qb6 4.a4 dxe4 5.a5 Qc7 6.fxe4 e5 7.Nf3 Bg4 8.Bc4 Nf6 
9.O-O Bd6 10.Qe1 O-O 11.c3 Nbd7 12.h3 Bxf3 13.Rxf3 Rae8 14.Nd2 exd4 15.
cxd4 c5 16.d5 Ne5 17.Re3 Re7 18.Kh1 Rfe8 19.Bb5 Ned7 20.Raa3 c4 21.Rac3 
Bb4 22.Rxc4 Qxa5 23.Bxd7 Rxd7 24.Qe2 Bd6 25.Nb3 Qa6 26.Qc2 Rc7 27.Nd2 Nxd5
28.Rf3 b5 29.Rxc7 Nxc7 30.Nb3 Ne6 31.Bd2 Qb7 32.Qd3 Bf8 33.Rf5 a6 34.Rd5 
Qc7 35.Rd7 Rd8 36.Rxd8 Qxd8 37.Qe3 Qc7 38.Bc3 b4 39.Be1 Qc2 40.Nd4 Qxb2 
41.Nxe6 fxe6 42.Qb6 Qa1 43.Qxe6+ Kh8 0-1

[Event "11th EUR-ch"]
[Site "Rijeka CRO"]
[Date "2010.03.14"]
[Round "8"]
[White "Jankovic, Alojzije"]
[Black "Loncar, Robert"]
[Result "1/2-1/2"]
[WhiteElo "2569"]
[BlackElo "2424"]
[EventDate "2010.03.06"]
[PlyCount "78"]

1.d4 Nf6 2.c4 c5 3.Nf3 cxd4 4.Nxd4 Nc6 5.Nc3 d6 6.e4 e6 7.Be2 Be7 8.O-O 
O-O 9.Be3 Nxd4 10.Qxd4 b6 11.Rfd1 Bb7 12.f3 Qc8 13.Rac1 Rd8 14.Kh1 Nd7 15.
Nb5 Ne5 16.b4 Qb8 17.Qb2 a6 18.Nd4 Nd7 19.a4 Qc7 20.Qa2 Bf8 21.Rc2 Rac8 
22.Rdc1 Qb8 23.a5 bxa5 24.Qxa5 Qc7 25.Qa2 Qb8 26.Nb3 h6 27.c5 Ne5 28.Na5 
dxc5 29.Nxb7 Qxb7 30.Bxa6 Qd7 31.Bxc8 Rxc8 32.bxc5 Nd3 33.Rb1 Bxc5 34.Qc4 
Rc6 35.Rd2 Bxe3 36.Qxd3 Qa7 37.Rdb2 Bf4 38.g3 Be5 39.Qb5 Rc5 1/2-1/2

[Event "11th EUR-ch"]
[Site "Rijeka CRO"]
[Date "2010.03.14"]
[Round "8"]
[White "Pancevski, Filip"]
[Black "Shimanov, Alexander"]
[Result "0-1"]
[WhiteElo "2423"]
[BlackElo "2553"]
[EventDate "2010.03.06"]
[PlyCount "74"]

1.e4 c6 2.d4 d5 3.f3 e6 4.Nc3 Bb4 5.Bf4 Ne7 6.Qd2 O-O 7.Nge2 Nd7 8.a3 Ba5 
9.Bd6 Nb6 10.Bxe7 Qxe7 11.Ng3 Nd7 12.exd5 exd5+ 13.Be2 Bc7 14.O-O Qh4 15.
f4 Nf6 16.Nh1 Qh6 17.g3 Ng4 18.Bxg4 Bxg4 19.Nf2 Bf5 20.Ncd1 Qg6 21.c3 Rae8
22.b4 h5 23.Nb2 h4 24.Kg2 Qh5 25.Rae1 Rxe1 26.Qxe1 h3+ 27.Kg1 Bxf4 28.Nxh3
Bd6 29.Nf4 Qh7 30.Qf2 Be4 31.Nd1 g5 32.Ng2 f5 33.Qd2 f4 34.Nf2 Qh5 35.g4 
Qh7 36.h4 Bxg2 37.Kxg2 f3+ 0-1

[Event "11th EUR-ch"]
[Site "Rijeka CRO"]
[Date "2010.03.14"]
[Round "8"]
[White "Solak, Dragan"]
[Black "Barle, Janez"]
[Result "1-0"]
[WhiteElo "2553"]
[BlackElo "2415"]
[EventDate "2010.03.06"]
[PlyCount "207"]

1.e4 e5 2.Nf3 Nc6 3.Bb5 a6 4.Bxc6 dxc6 5.O-O Bd6 6.d4 exd4 7.Qxd4 f6 8.Be3
Ne7 9.Nbd2 Be6 10.Qc3 a5 11.a3 b5 12.Nd4 b4 13.Qd3 Bf7 14.Nc4 O-O 15.a4 
Qd7 16.Nb3 Qe6 17.Nbd2 Rfd8 18.Qe2 c5 19.f4 Nc6 20.c3 f5 21.e5 Be7 22.Rac1
Rd7 23.b3 bxc3 24.Rxc3 Nd4 25.Bxd4 cxd4 26.Rd3 Qc6 27.h3 Bb4 28.Kh2 Bd5 
29.Rd1 Bc5 30.Re1 Bb4 31.Rd1 Rad8 32.Qf2 Be6 33.Nf3 Bxc4 34.bxc4 Bc5 35.
Qc2 Qe4 36.Kg3 h6 37.Re1 Qc6 38.Kh2 Qe6 39.Red1 g6 40.Qb3 c6 41.Qc2 Qf7 
42.Qd2 Bb4 43.Qf2 c5 44.Rc1 Qe6 45.h4 Bc3 46.Rcxc3 dxc3 47.Rxc3 Rc8 48.Qe2
Kh7 49.Kg3 Qc6 50.Qc2 Qe4 51.Qc1 Rb8 52.Re3 Qc6 53.Qc2 Qe6 54.Kh2 Rb4 55.
Rc3 Rdb7 56.Qd3 Rd7 57.Qc2 Rf7 58.h5 gxh5 59.Nh4 Rbb7 60.Qe2 Rg7 61.Qxh5 
Rbf7 62.Nf3 Kg8 63.Rd3 Qxc4 64.Rd8+ Rf8 65.Rxf8+ Kxf8 66.Qxf5+ Rf7 67.Qc8+
Ke7 68.Qc7+ Ke8 69.Qc6+ Ke7 70.Qd6+ Ke8 71.Qc6+ Ke7 72.g3 Qe2+ 73.Kh1 Qd1+
74.Ng1 Qd4 75.Nf3 Qd1+ 76.Ng1 Qd4 77.Nf3 Qd1+ 78.Kh2 Qe2+ 79.Kg1 Qe3+ 80.
Kg2 Qe2+ 81.Kg1 Qe3+ 82.Kf1 Qd3+ 83.Kf2 Qc2+ 84.Ke3 Qc3+ 85.Ke2 Qc4+ 86.
Ke3 Qc3+ 87.Ke2 Qc4+ 88.Kd2 Qb4+ 89.Kc2 Qc4+ 90.Kd1 Qb3+ 91.Kd2 Qb4+ 92.
Ke2 Qc4+ 93.Kf2 Qc2+ 94.Kg1 Qd1+ 95.Kg2 Qe2+ 96.Kh3 Qf1+ 97.Kh2 Qe2+ 98.
Kh3 Qf1+ 99.Kg4 h5+ 100.Kg5 Qc4 101.Qd6+ Ke8 102.e6 Rg7+ 103.Kf6 Qc3+ 104.
Ne5 1-0

[Event "11th EUR-ch"]
[Site "Rijeka CRO"]
[Date "2010.03.14"]
[Round "8"]
[White "Cvitan, Ognjen"]
[Black "Jakovljevic, Vlado"]
[Result "1-0"]
[WhiteElo "2550"]
[BlackElo "2412"]
[EventDate "2010.03.06"]
[PlyCount "61"]

1.c4 c6 2.e4 d5 3.exd5 cxd5 4.d4 Nf6 5.Nc3 e6 6.Nf3 Be7 7.cxd5 Nxd5 8.Bd3 
b6 9.O-O Bb7 10.Ne5 O-O 11.Qh5 g6 12.Qh3 Nc6 13.Bh6 Nxd4 14.Rad1 Bf6 15.
Ng4 Re8 16.Nxd5 Bxd5 17.Qe3 e5 18.f4 e4 19.Ba6 Nf5 20.Qh3 Bh8 21.Bg5 f6 
22.Bb7 Bxb7 23.Qb3+ Kf8 24.Rxd8 Rexd8 25.Bxf6 Bxf6 26.Nxf6 Kg7 27.Ng4 Rac8
28.Qe6 Rf8 29.Rd1 Bc6 30.Rc1 h5 31.Ne5 1-0

[Event "11th EUR-ch"]
[Site "Rijeka CRO"]
[Date "2010.03.14"]
[Round "8"]
[White "Nikolov, Momchil"]
[Black "Petre, Nad-Titus"]
[Result "1-0"]
[WhiteElo "2550"]
[BlackElo "2410"]
[EventDate "2010.03.06"]
[PlyCount "73"]

1.d4 Nf6 2.c4 g6 3.Nc3 Bg7 4.e4 d6 5.f3 O-O 6.Bg5 Nbd7 7.Nh3 a6 8.Nf2 c5 
9.d5 b5 10.cxb5 Qa5 11.Qd2 Nb6 12.Nfd1 axb5 13.Nxb5 Bd7 14.Qxa5 Rxa5 15.
Nbc3 Rb8 16.Bd2 Na4 17.b3 Nxc3 18.Bxc3 Ra7 19.Bc4 Bb5 20.Nb2 Nd7 21.Kd2 
Ne5 22.Bxb5 Rxb5 23.Rhe1 g5 24.Kc2 Rb8 25.a4 Nd7 26.Ra3 Be5 27.g3 Bxc3 28.
Kxc3 Rb4 29.Nc4 f6 30.a5 Nb8 31.f4 gxf4 32.gxf4 Na6 33.Ra2 Rab7 34.Rg2+ 
Kf7 35.Reg1 Rxb3+ 36.Kc2 Ke8 37.Nxd6+ 1-0

[Event "11th EUR-ch"]
[Site "Rijeka CRO"]
[Date "2010.03.14"]
[Round "8"]
[White "Zelcic, Robert"]
[Black "Zavhorodnii, Serhii"]
[Result "1-0"]
[WhiteElo "2547"]
[BlackElo "2409"]
[EventDate "2010.03.06"]
[PlyCount "219"]

1.e4 e5 2.Nf3 d6 3.d4 exd4 4.Nxd4 Nf6 5.f3 Be7 6.c4 O-O 7.Be2 Re8 8.O-O c6
9.Nc3 a6 10.Be3 Bf8 11.Qb3 d5 12.cxd5 cxd5 13.Rad1 Nc6 14.Kh1 h6 15.Bg1 
Qa5 16.exd5 Nb4 17.d6 Bxd6 18.a3 Nbd5 19.Bc4 Nxc3 20.Bxf7+ Kh8 21.bxc3 Rf8
22.Ne6 Bxe6 23.Bxe6 Qc7 24.a4 Rae8 25.Rfe1 Be5 26.Rd3 Nh5 27.Rde3 Bd6 28.
Re4 Nf4 29.Bc4 Rxe4 30.Rxe4 Bc5 31.Bxc5 Qxc5 32.Qb4 Qxb4 33.cxb4 Rd8 34.h4
g5 35.hxg5 hxg5 36.Re5 Rd4 37.Rc5 Kh7 38.Kh2 Kh6 39.Rc8 b5 40.Rc6+ Kg7 41.
Rc7+ Kf6 42.axb5 axb5 43.Rc6+ Kg7 44.Bxb5 Rxb4 45.Rc5 Kf6 46.Bf1 Rb1 47.
Kg1 Rb2 48.Ra5 Rd2 49.Ra1 Nd5 50.Ra6+ Kf5 51.Rd6 Ke5 52.Rd8 Rb2 53.Kh2 Rf2
54.Kg1 Rb2 55.g3 Nf6 56.Bg2 Kf5 57.Ra8 Kg6 58.Ra6 Rd2 59.Bh3 Rb2 60.Rd6 
Rb1+ 61.Bf1 Kg7 62.g4 Rb2 63.Re6 Rd2 64.Re7+ Kg6 65.Bc4 Nd7 66.Re6+ Nf6 
67.Kf1 Rd4 68.Rc6 Kg7 69.Ke2 Nxg4 70.fxg4 Rxg4 71.Kf3 Rf4+ 72.Kg3 Rd4 73.
Be6 Rf4 74.Bb3 Rd4 75.Bc2 Kf7 76.Bg6+ Ke7 77.Bh5 Rd6 78.Rc7+ Rd7 79.Rc8 
Rd4 80.Rc7+ Ke6 81.Rg7 Kf6 82.Rf7+ Ke6 83.Rf1 Rf4 84.Ra1 Rd4 85.Ra6+ Rd6 
86.Ra4 Kf6 87.Bf3 Rd3 88.Kg4 Ke5 89.Ra5+ Kd4 90.Rxg5 Re3 91.Rd5+ Kc4 92.
Rd1 Re7 93.Kf4 Re8 94.Be4 Re7 95.Ke3 Kc5 96.Rc1+ Kd6 97.Kd4 Rc7 98.Rh1 Rc8
99.Rh6+ Ke7 100.Ke5 Rf8 101.Bd5 Rf1 102.Rh7+ Kf8 103.Bc4 Rf3 104.Be6 Ke8 
105.Bf5 Rf1 106.Kf6 Kd8 107.Rd7+ Ke8 108.Rd2 Rf4 109.Rh2 Kd8 110.Rc2 1-0

[Event "11th EUR-ch"]
[Site "Rijeka CRO"]
[Date "2010.03.14"]
[Round "8"]
[White "Buss, Ralph"]
[Black "Drazic, Sinisa"]
[Result "1/2-1/2"]
[WhiteElo "2416"]
[BlackElo "2545"]
[EventDate "2010.03.06"]
[PlyCount "137"]

1.Nf3 d6 2.d4 g6 3.c4 Bg7 4.Nc3 f5 5.g3 Nf6 6.Bg2 O-O 7.O-O Qe8 8.d5 Na6 
9.Rb1 e5 10.dxe6 Bxe6 11.Nd4 c6 12.Nxe6 Qxe6 13.b3 Rad8 14.Bb2 Nc5 15.Qc2 
a5 16.e3 Nfe4 17.Ne2 Bxb2 18.Qxb2 Qe5 19.Rfd1 Qxb2 20.Rxb2 Kf7 21.f3 Nf6 
22.Rbd2 Ke7 23.Nc3 Rd7 24.Kf2 Ra8 25.h3 h5 26.f4 Ra6 27.e4 Rb6 28.Re1 Kf7 
29.exf5 gxf5 30.Re3 a4 31.Nxa4 Nxa4 32.bxa4 Rb4 33.Rc3 Rxa4 34.Re2 Rb4 35.
Bf3 Rb1 36.Rec2 Re7 37.Re3 Rxe3 38.Kxe3 Ke6 39.Rc3 Re1+ 40.Kf2 Ra1 41.Rc2 
Rb1 42.Be2 Kf7 43.Bf3 Ke7 44.Be2 Ke6 45.Bd3 Ne4+ 46.Kg2 Re1 47.Re2 Rxe2+ 
48.Bxe2 h4 49.gxh4 Nc3 50.Bd3 Nxa2 51.h5 Nc1 52.Bc2 Ne2 53.h6 Kf6 54.h7 
Nxf4+ 55.Kg3 Ng6 56.h4 Ke5 57.h5 Nh8 58.Kf3 b5 59.cxb5 cxb5 60.Ke3 d5 61.
Kd3 b4 62.Bb3 Nf7 63.Ba4 f4 64.Bd1 Nh8 65.Bf3 Kf5 66.Bxd5 Kg5 67.Kc4 Kxh5 
68.Kxb4 Kh6 69.Be4 1/2-1/2

[Event "11th EUR-ch"]
[Site "Rijeka CRO"]
[Date "2010.03.14"]
[Round "8"]
[White "Jovanic, Ognjen"]
[Black "Mihok, Oliver"]
[Result "1-0"]
[WhiteElo "2538"]
[BlackElo "2403"]
[EventDate "2010.03.06"]
[PlyCount "59"]

1.d4 Nf6 2.Nf3 e6 3.c4 c5 4.d5 b5 5.dxe6 fxe6 6.cxb5 d5 7.Bf4 Bd6 8.Bxd6 
Qxd6 9.e3 O-O 10.Be2 e5 11.Nc3 e4 12.Nd2 Rd8 13.O-O Be6 14.f3 Nbd7 15.
Ndxe4 Nxe4 16.fxe4 d4 17.exd4 cxd4 18.Nd5 Bxd5 19.Qxd4 Ne5 20.Qxd5+ Qxd5 
21.exd5 Rxd5 22.Rfd1 Rad8 23.a4 Rd2 24.b3 Kf8 25.a5 Ke7 26.Rxd2 Rxd2 27.
Bc4 Kd6 28.b6 Kc6 29.bxa7 Kb7 30.Re1 1-0

[Event "11th EUR-ch"]
[Site "Rijeka CRO"]
[Date "2010.03.14"]
[Round "8"]
[White "Reutsky, Sergei"]
[Black "San Segundo Carrillo, Pablo"]
[Result "1/2-1/2"]
[WhiteElo "2404"]
[BlackElo "2534"]
[EventDate "2010.03.06"]
[PlyCount "45"]

1.Nf3 Nf6 2.g3 b6 3.Bg2 Bb7 4.d4 c5 5.Nc3 e6 6.Bf4 d6 7.dxc5 bxc5 8.Qd2 
Be7 9.Rd1 d5 10.e4 d4 11.Nb5 Nxe4 12.Qd3 Nd6 13.Nxd6+ Bxd6 14.Bxd6 Qxd6 
15.c3 O-O 16.cxd4 cxd4 17.O-O Nc6 18.Nxd4 Ne5 19.Qe2 Bxg2 20.Kxg2 Qd5+ 21.
Nf3 Qxf3+ 22.Qxf3 Nxf3 23.Kxf3 1/2-1/2

[Event "11th EUR-ch"]
[Site "Rijeka CRO"]
[Date "2010.03.14"]
[Round "8"]
[White "Papin, Vasily"]
[Black "Kargin, Arseny"]
[Result "1-0"]
[WhiteElo "2532"]
[BlackElo "2400"]
[EventDate "2010.03.06"]
[PlyCount "79"]

1.d4 d5 2.c4 c6 3.Nf3 Nf6 4.Qb3 dxc4 5.Qxc4 Bg4 6.Nc3 Bxf3 7.gxf3 g6 8.e4 
Bg7 9.Be3 O-O 10.h4 Qa5 11.Bh3 Rd8 12.O-O-O Na6 13.Kb1 e5 14.dxe5 Qxe5 15.
f4 Qa5 16.e5 Nd5 17.Nxd5 cxd5 18.Qc2 Nc7 19.h5 Nb5 20.hxg6 hxg6 21.Qb3 d4 
22.Bd2 Qb6 23.f5 Bxe5 24.Rhg1 Kg7 25.fxg6 fxg6 26.Rg5 Rd5 27.f4 Nc3+ 28.
Bxc3 Rb5 29.Qxb5 Qxb5 30.Rxe5 Qc6 31.Rxd4 Kh6 32.Red5 Rf8 33.Bg2 Qe6 34.
Rd1 Rf5 35.Rd8 Kh5 36.Bf3+ Kh4 37.Rg1 Re5 38.Rh8+ Rh5 39.Rxh5+ gxh5 40.
Be1+ 1-0

[Event "11th EUR-ch"]
[Site "Rijeka CRO"]
[Date "2010.03.14"]
[Round "8"]
[White "Hamitevici, Vladimir"]
[Black "Holzke, Frank"]
[Result "1-0"]
[WhiteElo "2401"]
[BlackElo "2526"]
[EventDate "2010.03.06"]
[PlyCount "53"]

1.d4 Nf6 2.c4 g6 3.g3 d5 4.cxd5 Nxd5 5.Bg2 Bg7 6.e4 Nb6 7.Ne2 c5 8.d5 e6 
9.O-O O-O 10.Nec3 Na6 11.a4 exd5 12.exd5 Nc4 13.Na3 Ne5 14.f4 Ng4 15.Ncb5 
Nb4 16.h3 Nf6 17.Be3 Nfxd5 18.Bxc5 Be6 19.Qb3 a5 20.Rac1 Re8 21.Nd6 Nb6 
22.Qd1 Bxb2 23.Nxe8 Qxe8 24.Bxb6 Bxa3 25.Rc7 Bb2 26.Kh2 Bc3 27.Qd6 1-0

[Event "11th EUR-ch"]
[Site "Rijeka CRO"]
[Date "2010.03.14"]
[Round "8"]
[White "Firat, Burak"]
[Black "Jovanovic, Zoran"]
[Result "0-1"]
[WhiteElo "2398"]
[BlackElo "2526"]
[EventDate "2010.03.06"]
[PlyCount "88"]

1.e4 c5 2.Nf3 d6 3.d4 cxd4 4.Nxd4 Nf6 5.Nc3 Nc6 6.Bc4 e6 7.Be3 Be7 8.Qe2 
Bd7 9.O-O-O Rc8 10.Ndb5 Na5 11.Bb3 Nxb3+ 12.axb3 Qa5 13.Kb1 Rc6 14.b4 Qxb4
15.Rd4 Qa5 16.Ra4 Qd8 17.Rxa7 O-O 18.g4 Ra6 19.g5 Ne8 20.h4 Qa5 21.Rxa6 
bxa6 22.Nd4 Nc7 23.Nb3 Qb4 24.Bd2 Qb6 25.h5 f5 26.exf5 Rxf5 27.f4 a5 28.
Be3 Qb7 29.Rd1 Nd5 30.Qd2 Qb4 31.Ne2 Qxd2 32.Bxd2 a4 33.Nbd4 Rf8 34.Bc1 
Rb8 35.Nf5 Bf8 36.Ne3 Nxe3 37.Bxe3 Be8 38.Ng3 d5 39.f5 Bd6 40.Bf2 Be5 41.
Re1 Bxb2 42.Ka2 a3 43.Rxe6 Bb5 44.Rb6 Rxb6 0-1

[Event "11th EUR-ch"]
[Site "Rijeka CRO"]
[Date "2010.03.14"]
[Round "8"]
[White "Sale, Srdjan"]
[Black "Guliev, Namig"]
[Result "0-1"]
[WhiteElo "2396"]
[BlackElo "2516"]
[EventDate "2010.03.06"]
[PlyCount "92"]

1.e4 b6 2.d4 e6 3.Nf3 Bb7 4.Bd3 c5 5.c3 Nf6 6.Qe2 Be7 7.O-O d5 8.e5 Nfd7 
9.Be3 Nc6 10.a3 c4 11.Bc2 O-O 12.Nbd2 b5 13.h4 Bxh4 14.g3 Be7 15.Kg2 f5 
16.Rh1 Rf7 17.Bf4 g5 18.g4 gxf4 19.gxf5 Rg7+ 20.Kf1 exf5 21.Bxf5 Nf8 22.
Rg1 Bc8 23.Rxg7+ Kxg7 24.e6 Qd6 25.Re1 Bf6 26.Ne5 Bxe5 27.dxe5 Qe7 28.Qg4+
Kh8 29.Nf3 Bxe6 30.Ng5 Bxf5 31.Qxf5 Ng6 32.e6 Kg7 33.Qxd5 Rd8 34.Qxb5 a6 
35.Qf5 Qf6 36.Qc5 Nce7 37.Nf7 Rd5 38.Qxc4 Qh4 39.Qe4 Qh3+ 40.Qg2 Qd3+ 41.
Kg1 Qd2 42.Rf1 Qe2 43.b4 f3 44.Qh3 Nf4 45.Qh6+ Kg8 46.Ra1 Neg6 0-1

[Event "11th EUR-ch"]
[Site "Rijeka CRO"]
[Date "2010.03.14"]
[Round "8"]
[White "Szabo, Krisztian"]
[Black "Kozlitin, Roman"]
[Result "1-0"]
[WhiteElo "2513"]
[BlackElo "2344"]
[EventDate "2010.03.06"]
[PlyCount "115"]

1.e4 e5 2.Nf3 Nc6 3.Bb5 a6 4.Ba4 Nf6 5.O-O Be7 6.Re1 b5 7.Bb3 O-O 8.c3 d5 
9.exd5 Nxd5 10.Nxe5 Nxe5 11.Rxe5 c6 12.d4 Bd6 13.Re1 Qh4 14.g3 Qh3 15.Be3 
Bg4 16.Qd3 Rae8 17.Nd2 Qh5 18.Bd1 Re6 19.Bxg4 Qxg4 20.Nf1 f5 21.Bd2 Rg6 
22.Re2 f4 23.Rae1 Qd7 24.Re4 Rgf6 25.c4 bxc4 26.Qxc4 Kh8 27.gxf4 Bxf4 28.
Bb4 Bd6 29.Bxd6 Qxd6 30.Re8 Rxf2 31.Rxf8+ Rxf8 32.Qe2 Qf6 33.Qd2 Nf4 34.
Ng3 h5 35.Kh1 h4 36.Ne4 Qf5 37.Qf2 g5 38.Nc3 Qf7 39.Qe3 Ng6 40.Qxg5 Kg7 
41.Qg2 Qf5 42.Qxc6 Qd3 43.Rg1 Rf4 44.Qc7+ Kh8 45.Qd8+ Kh7 46.Qd5 Rxd4 47.
Qb7+ Kh6 48.Rd1 Qf5 49.Qg2 h3 50.Qe2 Nf4 51.Qxa6+ Ng6 52.Qe2 Nf4 53.Qf3 
Rxd1+ 54.Nxd1 Qe5 55.Ne3 Qc7 56.b4 Qc1+ 57.Nf1 Kg6 58.b5 1-0

[Event "11th EUR-ch"]
[Site "Rijeka CRO"]
[Date "2010.03.14"]
[Round "8"]
[White "Golubovic, Boris"]
[Black "Martinovic, Sasa"]
[Result "1/2-1/2"]
[WhiteElo "2392"]
[BlackElo "2509"]
[EventDate "2010.03.06"]
[PlyCount "48"]

1.e4 e6 2.d3 d5 3.Nd2 Nf6 4.Ngf3 Nc6 5.c3 a5 6.Be2 e5 7.O-O Bc5 8.b3 O-O 
9.a3 b6 10.Bb2 Bb7 11.b4 Bd6 12.Qc2 Ne7 13.Rfe1 Ng6 14.exd5 axb4 15.cxb4 
Nxd5 16.Bf1 Re8 17.g3 Qc8 18.d4 exd4 19.Rxe8+ Qxe8 20.Bxd4 Qd7 21.Bb2 Re8 
22.Re1 Rxe1 23.Nxe1 Qe6 24.Nef3 Qg4 1/2-1/2

[Event "11th EUR-ch"]
[Site "Rijeka CRO"]
[Date "2010.03.14"]
[Round "8"]
[White "Stern, Rene"]
[Black "Schmidt, Raul"]
[Result "1-0"]
[WhiteElo "2501"]
[BlackElo "2387"]
[EventDate "2010.03.06"]
[PlyCount "118"]

1.d4 Nf6 2.c4 g6 3.Nc3 Bg7 4.e4 d6 5.Nf3 O-O 6.Be2 e5 7.O-O Nc6 8.d5 Ne7 
9.a4 a5 10.b3 Nh5 11.Re1 h6 12.Nd2 Nf4 13.Bf1 c5 14.dxc6 bxc6 15.Ba3 Ne6 
16.c5 d5 17.Rc1 f5 18.exd5 cxd5 19.c6 Nxc6 20.Bxf8 Kxf8 21.Nf3 d4 22.Nb5 
Bb7 23.Rxc6 Bxc6 24.Nxe5 Be8 25.Bc4 Nc5 26.Nxd4 Rc8 27.Qe2 Bf6 28.Nef3 Bf7
29.Bxf7 Kxf7 30.Qc4+ Kg7 31.h4 Qd7 32.Rc1 Rc7 33.Nb5 Rc8 34.h5 gxh5 35.
Nfd4 Bxd4 36.Nxd4 Rc7 37.Nb5 Rc6 38.Qc3+ Kg6 39.Qg3+ Kh7 40.Qf3 h4 41.Rd1 
Qe8 42.Qxf5+ Qg6 43.Qxg6+ Rxg6 44.Nd4 h3 45.g3 Rd6 46.Rc1 Ne4 47.Nf3 Rd3 
48.Re1 Rxf3 49.Rxe4 Rxb3 50.Re5 Rf3 51.Rh5 h2+ 52.Rxh2 Rb3 53.Kg2 Rb4 54.
Rh4 Kg6 55.Rxb4 axb4 56.a5 b3 57.a6 b2 58.a7 b1=Q 59.a8=Q Kg7 1-0

[Event "11th EUR-ch"]
[Site "Rijeka CRO"]
[Date "2010.03.14"]
[Round "8"]
[White "Fercec, Nenad"]
[Black "Plenca, Julijan"]
[Result "1-0"]
[WhiteElo "2492"]
[BlackElo "2323"]
[EventDate "2010.03.06"]
[PlyCount "61"]

1.e4 e5 2.Nf3 Nc6 3.d4 exd4 4.Nxd4 Nf6 5.Nxc6 bxc6 6.Bd3 d6 7.O-O Be7 8.f4
O-O 9.Qf3 Nd7 10.c3 a5 11.Re1 Ba6 12.Bc2 Re8 13.Be3 Rb8 14.b3 Bf6 15.Bf2 
g6 16.Nd2 Bg7 17.Rad1 Qf6 18.e5 dxe5 19.Ne4 Qe7 20.f5 gxf5 21.Ng3 Nf8 22.
Nxf5 Qe6 23.Nxg7 Kxg7 24.Qg3+ Ng6 25.Rxe5 Qxe5 26.Bd4 Rb5 27.h4 Kf8 28.
Bxe5 Rbxe5 29.Rd7 Re1+ 30.Kh2 R8e3 31.Qxc7 1-0

[Event "11th EUR-ch"]
[Site "Rijeka CRO"]
[Date "2010.03.14"]
[Round "8"]
[White "Kreisl, Robert"]
[Black "Goganov, Alexei"]
[Result "0-1"]
[WhiteElo "2389"]
[BlackElo "2492"]
[EventDate "2010.03.06"]
[PlyCount "101"]

1.e4 e6 2.d4 d5 3.Nc3 Nf6 4.e5 Nfd7 5.f4 c5 6.Nf3 Nc6 7.Be3 a6 8.Qd2 b5 9.
Be2 b4 10.Nd1 Be7 11.O-O O-O 12.dxc5 Nxc5 13.Nd4 Nxd4 14.Bxd4 Ne4 15.Qe3 
Bb7 16.Bd3 Rc8 17.Nf2 Qc7 18.Rac1 Rfd8 19.Kh1 Qc6 20.Rfe1 Bc5 21.Bxe4 dxe4
22.Bxc5 Qxc5 23.Qxc5 Rxc5 24.Nd1 g5 25.fxg5 Rxe5 26.h4 h6 27.gxh6 Rh5 28.
g3 Rxh6 29.Ne3 Rf6 30.Rcd1 Rxd1 31.Nxd1 Rf3 32.Kg2 Kg7 33.Re3 Rf5 34.Nf2 
Rc5 35.c3 bxc3 36.bxc3 Ra5 37.Kh3 f5 38.Re2 Rc5 39.Nd1 e5 40.Rb2 Bc8 41.
Kg2 Rd5 42.Ne3 Rd3 43.Nc4 Rxc3 44.Nd6 Be6 45.Rb7+ Kf8 46.h5 e3 47.Kf1 f4 
48.gxf4 Bh3+ 49.Kg1 Rc1+ 50.Kh2 e2 51.h6 0-1

[Event "11th EUR-ch"]
[Site "Rijeka CRO"]
[Date "2010.03.14"]
[Round "8"]
[White "Berescu, Alin-Mile"]
[Black "Raznikov, Danny"]
[Result "1/2-1/2"]
[WhiteElo "2486"]
[BlackElo "2331"]
[EventDate "2010.03.06"]
[PlyCount "29"]

1.e4 Nf6 2.d3 c5 3.g3 Nc6 4.Bg2 d5 5.exd5 Nxd5 6.Nc3 Nxc3 7.bxc3 g6 8.Ne2 
Bg7 9.O-O O-O 10.Be3 Qd6 11.Rb1 Rd8 12.Qd2 b6 13.Bg5 Bb7 14.Qe3 Rab8 15.
Bf4 1/2-1/2

[Event "11th EUR-ch"]
[Site "Rijeka CRO"]
[Date "2010.03.14"]
[Round "8"]
[White "Slavin, Alexei"]
[Black "Saric, Ante"]
[Result "0-1"]
[WhiteElo "2368"]
[BlackElo "2483"]
[EventDate "2010.03.06"]
[PlyCount "105"]

1.d4 Nf6 2.Nf3 e6 3.e3 c5 4.Bd3 d5 5.b3 Nc6 6.O-O b6 7.Bb2 Bb7 8.Nbd2 Rc8 
9.a3 Bd6 10.Ne5 O-O 11.Qf3 Qc7 12.Qg3 Ne7 13.Qh3 Ng6 14.Ndf3 cxd4 15.Nxg6 
hxg6 16.exd4 Qe7 17.Bc1 a5 18.Bg5 Bxa3 19.Rae1 Qc7 20.Bd2 Bd6 21.Qh4 Rfe8 
22.Re3 Bf4 23.Re2 Bxd2 24.Rxd2 Nh5 25.g3 Qe7 26.Qh3 Ra8 27.Re2 Ba6 28.c4 
a4 29.Ne5 axb3 30.cxd5 Bxd3 31.Nxd3 Ra2 32.Re3 Qf6 33.Nc1 Ra3 34.Nxb3 Qf5 
35.g4 Qg5 36.f4 Nxf4 37.Qf3 e5 38.h4 Qf6 39.dxe5 Rxe5 40.Rxe5 Qxe5 41.Qxf4
Qxf4 42.Rxf4 Rxb3 43.Rd4 Kf8 44.d6 Ke8 45.Re4+ Kd7 46.Re7+ Kxd6 47.Rxf7 
Rg3+ 48.Kf2 Rxg4 49.Rxg7 Kc5 50.Kf3 Rxh4 51.Rxg6 b5 52.Ke3 Kc4 53.Rg5 0-1

[Event "11th EUR-ch"]
[Site "Rijeka CRO"]
[Date "2010.03.14"]
[Round "8"]
[White "Feher, Adam"]
[Black "Berbatov, Kiprian"]
[Result "0-1"]
[WhiteElo "2260"]
[BlackElo "2481"]
[EventDate "2010.03.06"]
[PlyCount "90"]

1.e4 c5 2.Nf3 d6 3.d4 cxd4 4.Nxd4 Nf6 5.Nc3 e6 6.Be2 a6 7.O-O Qc7 8.f4 Be7
9.Kh1 O-O 10.a4 b6 11.Bf3 Bb7 12.e5 dxe5 13.fxe5 Nfd7 14.Bxb7 Qxb7 15.Bf4 
Nc6 16.Qf3 Rac8 17.Rad1 Nc5 18.Nxc6 Qxc6 19.Qxc6 Rxc6 20.b4 Nb7 21.Rd7 
Rxc3 22.Rxe7 Nd8 23.Rd7 Nc6 24.b5 axb5 25.axb5 Nb4 26.Bd2 Rc4 27.Rf4 Rxf4 
28.Bxf4 Rc8 29.Bd2 Nxc2 30.Kg1 Na3 31.Be3 Nxb5 32.Bxb6 h5 33.h3 Rc4 34.Bf2
Re4 35.Bg3 Nd4 36.Kf2 Nc6 37.Kf3 Nxe5+ 38.Bxe5 Rxe5 39.g4 hxg4+ 40.hxg4 g5
41.Rd8+ Kg7 42.Ra8 Rb5 43.Ra7 Kg6 44.Ra6 Re5 45.Rb6 f5 0-1